UM Logo

Internet of things : (Record no. 17366)

MARC details
000 -LEADER
fixed length control field 00871nam a2200217 4500
008 - FIXED-LENGTH DATA ELEMENTS--GENERAL INFORMATION
fixed length control field 221003b ||||| |||| 00| 0 eng d
020 ## - INTERNATIONAL STANDARD BOOK NUMBER
International Standard Book Number 9780367686529
082 ## - DEWEY DECIMAL CLASSIFICATION NUMBER
Edition number 2022
Classification number DC 004.678
Item number In886
245 ## - TITLE STATEMENT
Title Internet of things :
Remainder of title energy, industry, and healthcare /
Statement of responsibility, etc. edited by Arun Kumar Rana, Ayodeji Olalekan Salau, Sharad Sharma, Shubham Tayal, Swati Gupta.
250 ## - EDITION STATEMENT
Edition statement First edition.
260 ## - PUBLICATION, DISTRIBUTION, ETC. (IMPRINT)
Place of publication, distribution, etc. Abingdon, Oxon :
Name of publisher, distributor, etc. CRC Press,
Date of publication, distribution, etc. ©2022.
300 ## - PHYSICAL DESCRIPTION
Extent xix, 310 pages :
Other physical details illustrations :
Dimensions 24 cm.
500 ## - GENERAL NOTE
General note Includes bibliographical references and index.
650 ## - SUBJECT ADDED ENTRY--TOPICAL TERM
Topical term or geographic name as entry element Internet of things.
9 (RLIN) 40314
700 ## - ADDED ENTRY--PERSONAL NAME
Personal name Rana, Arun Kumar
Relator term author.
9 (RLIN) 46211
700 ## - ADDED ENTRY--PERSONAL NAME
Personal name Salau, Ayodeji Olalekan
Relator term author.
9 (RLIN) 46212
700 ## - ADDED ENTRY--PERSONAL NAME
Personal name Sharma, Sharad
Relator term author.
9 (RLIN) 46213
700 ## - ADDED ENTRY--PERSONAL NAME
Personal name Tayal, Shubham
Relator term author.
9 (RLIN) 46214
700 ## - ADDED ENTRY--PERSONAL NAME
Personal name Gupta, Swati.
Relator term author.
9 (RLIN) 46215
942 ## - ADDED ENTRY ELEMENTS (KOHA)
Source of classification or shelving scheme Dewey Decimal Classification
Koha item type Circulation
Holdings
Withdrawn status Lost status Source of classification or shelving scheme Damaged status Not for loan Collection code Home library Current library Shelving location Date acquired Source of acquisition Cost, normal purchase price Total Checkouts Full call number Barcode Date last seen Date last checked out Copy number Price effective from Koha item type
    Dewey Decimal Classification     Circulation UM Digos College - LIC UM Digos College - LIC Book Cart 08/16/2022 Purchased 15400.00 1 DC 004.678 In886 2022 26784 08/22/2025 08/19/2025 1 10/03/2022 Circulation